1710 1285 1428 1194 1314 1553 1737 1730 1402 1712 1460 1832 1877 1904 1926 1926 1352 1617 1319 1025 1033 1330 1348 1866 1708 1153 1580 1822 1520 1183 1446 1081 1319 1579 1509 1272 1184 1314 1663 1283 1758 1539 1422 1793 1086 1387 1084 1330 1166 1042 1514 1218 1919 1230 1712 1953 1951 1806 1852 1314 1575 1470 1170 1063 1709 1012 1421 1921 1764 1921 1665 1944 1363 1988 1349 1152 1003 1583 1422 1511 1752 1355 1756 1512 1426 1994 1305 1706 1688 1884 1995 1961 1658 1171 1188 1212 1206 1112 1843 BCNSPRNW ULIB Ver.6.0+V

เปลี่ยนเป็นภาษาไทย

Change to English
 แสดงรายละเอียดบรรณานุกรม
  กลับหน้าหลัก

Brief Record : Get Marc (ISO 2709) : E-mail record : QR code < ปิดหน้าต่าง
LEADER : 00000nam 2200000uu 4500
001    13399122771
003     ULIB
008    130917s2555||||th 000 0 tha d
020    ^a9789740329855
060  0 ^aWM105^bว734ส
100    ^aวิไลลักษณ์ พงษ์โสภา
110    ^aจุฬาลงกรณ์มหาวิทยาลัย
245    ^aสุขวิทยาจิต = Mental Hygiene.
250    ^aพิมพ์ครั้งที่ 1
260    ^aจุฬาลงกรณ์มหาวิทยาลัย :^bกรุงเทพฯ,^c2555
300    ^a437 หน้า ภาพประกอบ;^b26 ซม.
650    ^aสุขวิทยาจิต
650    ^aการปรับตัว^b(จิตวิทยา)
650    ^aบุคลิกภาพ, การพัฒนา
650    ^aจิตผิดปกติ
710 1  ^aสำนักจุฬาลงกรณ์มหาวิทยาลัย
945    ^p330^l0^i20224
945    ^p330^l0^i20225
999    ^aทศพร เกษรทอง
รายการนี้ยังไม่มีแท็ก
คุณยังไม่ได้ล็อกอิน คุณสามารถมีกิจกรรมร่วมกับเว็บไซต์ได้ แต่ต้องล็อกอินก่อน ::
  ล็อกอิน

รายการสื่อสารสนเทศ

ลำดับที่ ประเภท เลขเรียก/บาร์โค้ด สถานที่ สถานะ
1. วิทยาศาสตร์การแพทย์ และสุขภาพ
วิทยาศาสตร์การแพทย์ และสุขภาพ
WM105 ว734ส ฉ.1 
  Barcode: 20224
ห้องสมุดวิทยาเขตนครสวรรค์
►ส่วนจัดเก็บหนังสือเก่า นว.
บนชั้น
  ขอยืม
2. วิทยาศาสตร์การแพทย์ และสุขภาพ
วิทยาศาสตร์การแพทย์ และสุขภาพ
WM105 ว734ส ฉ.2 
  Barcode: 20225
ห้องสมุดวิทยาเขตนครสวรรค์
►ส่วนจัดเก็บหนังสือเก่า นว.
บนชั้น
  ขอยืม

รายการใกล้เคียง
    ชื่อเรื่อง [สุขวิทยาจิต = Mental Hygiene.]

    ผู้แต่ง [วิไลลักษณ์ พงษ์โสภา]

    หัวเรื่อง [สุขวิทยาจิต]
    หัวเรื่อง [การปรับตัว (จิตวิทยา)]
    หัวเรื่อง [บุคลิกภาพ, การพัฒนา]
    หัวเรื่อง [จิตผิดปกติ]

BibComment


ยังไม่เคยถูกคอมเมนท์

คอมเมนท์ทรัพยากรรายการนี้
  คอมเมนท์: สุขวิทยาจิต Men..


 Copyright 2026. Bcnsprnw @Library